000 00446nam a22001697a 4500
999 _c2735
_d2734
005 20210927141802.0
008 160615b xxu||||| |||| 00| 0 eng d
020 _a81-297-0287-X
041 _aeng
082 _b7661
_a331
100 _aSinha, PRN & Others
_91951
245 _aIndustrial Relations Trade Unions and labour Legislation
260 _aDelhi
_bpearson education
_c2004
300 _a617
650 _aManagement
_9241
942 _cBK